Modern Japanese house

Bibliographic Details
Main Author: Pollock, Naomi
Format: Book
Published: London : Phaodon Press Limited , 2005
Subjects:

MARC

LEADER 00000cam a2200000 7i4500
001 0000019697
005 20080618.0
008 080618
020 |a 071484554X 
090 0 0 |a 728.0952   |b POL 
100 1 |a Pollock, Naomi 
245 1 0 |a Modern Japanese house   |c Naomi Pollock 
260 |a London :   |b Phaodon Press Limited ,   |c 2005 
650 0 |a Architecture, domestic   |z Japan 
650 0 |a Architecture   |x Japan   |x 20th century 
650 0 |a Interior decoration   |z Japan 
999 |a 0001025924   |b Book   |c REFERENCE   |e Perbadanan Perpustakaan Awam Johor